Music Quiz

Random Music or The Beatles Quiz

'Eight Days a Week' Lyrics Quiz Stats

Quiz Updated Feb 21, 2018

Also try: 'Yesterday' Lyrics
Challenge
Share
Tweet
Embed
Score 0/200 Timer 06:00
12 Plays Today
% Correct
a
99.3%
a
99.3%
a
99.3%
a
99.3%
a
99.3%
a
99.3%
a
99.3%
a
99.3%
a
99.3%
a
99.3%
Eight
98.8%
Eight
98.8%
Eight
98.8%
Eight
98.8%
Eight
98.8%
Eight
98.8%
Eight
98.8%
Eight
98.8%
Eight
98.8%
Eight
98.8%
day
98.8%
day,
98.8%
week.
98.6%
week.
98.6%
week
98.6%
week
98.6%
week
98.6%
week
98.6%
week
98.6%
week
98.6%
week
98.6%
week
98.6%
I
98.5%
I
98.5%
I
98.5%
I
98.5%
I
98.5%
I
98.5%
I
98.5%
I
98.5%
I
98.5%
I
98.5%
days
98.1%
days
98.1%
days
98.1%
days
98.1%
days
98.1%
days
98.1%
days
98.1%
days
98.1%
days
98.1%
days
98.1%
you
97.4%
you
97.4%
you
97.4%
you
97.4%
you
97.4%
you
97.4%
you
97.4%
you
97.4%
you
97.4%
you
97.4%
you
97.4%
you
97.4%
love
96.9%
love
96.9%
love
96.9%
% Correct
love
96.9%
love,
96.9%
Love
96.9%
Love
96.9%
love
96.9%
love
96.9%
love,
96.9%
love
96.9%
love,
96.9%
love,
96.9%
love
96.9%
love
96.9%
love,
96.9%
love
96.9%
Love
96.9%
Love
96.9%
love
96.9%
love
96.9%
love,
96.9%
me,
87.5%
me,
87.5%
me,
87.5%
me
87.5%
me,
87.5%
me,
87.5%
me,
87.5%
me
87.5%
me,
87.5%
me,
87.5%
me,
87.5%
me
87.5%
me,
87.5%
me,
87.5%
me,
87.5%
me
87.5%
your
87.3%
your
87.3%
need
85.1%
need
85.1%
need
85.1%
need
85.1%
need
85.1%
need
85.1%
my
84.9%
my
84.9%
my
84.9%
my
84.9%
to
84.4%
to
84.4%
not
84.3%
not
84.3%
the
84.2%
the
84.2%
know
83.6%
know
83.6%
babe
82.4%
babe
82.4%
babe
82.4%
babe
82.4%
babe
82.4%
babe
82.4%
babe
82.4%
every
82.1%
every
82.1%
it's
81.5%
it's
81.5%
Ooh,
80.6%
% Correct
Ooh,
80.6%
Hold
80.3%
hold
80.3%
girl,
80.3%
girl,
80.3%
Hold
80.3%
hold
80.3%
Hold
80.3%
hold
80.3%
girl
80.3%
girl
80.3%
Hold
80.3%
hold
80.3%
girl
80.3%
true
79.4%
true
79.4%
on
79.2%
on
79.2%
all
77.6%
all
77.6%
but
77.5%
but
77.5%
but
77.5%
but
77.5%
Is
76.3%
Is
76.3%
time
75.3%
time
75.3%
Just
74.7%
Just
74.7%
got
74.7%
got
74.7%
got
74.7%
got
74.7%
like
74.4%
like
74.4%
nothing
73.9%
nothing
73.9%
nothing
73.9%
nothing
73.9%
care
73.3%
care
73.3%
show
72.4%
show
72.3%
enough
72%
enough
72%
Ain't
72%
Ain't
72%
Ain't
72%
Ain't
72%
mind
71.3%
mind
71.3%
Always
70.6%
Always
70.6%
can
69.6%
can
69.6%
say
65.2%
say,
65.2%
One
57.9%
One
57.9%
thing
55.6%
thing
55.6%
Guess
55%
Guess
55%
Hope
51.7%
Hope
51.7%

You're not logged in!

Compare scores with friends on all Sporcle quizzes.
Sign Up with Email
OR
Log In

You Might Also Like...

Show Comments

Extras

Top Quizzes Today


Score Distribution

Your Account Isn't Verified!

In order to create a playlist on Sporcle, you need to verify the email address you used during registration. Go to your Sporcle Settings to finish the process.

Report this User

Report this user for behavior that violates our Community Guidelines.

Details: